Robotnik Lęborka

Titel: Robotnik Lęborka : pismo Terenowej Komisji Koordynacyjnej w Lęborku
Körperschaft:
Veröffentlicht: Lębork : [Verlag nicht ermittelbar], [1983?]
Erscheinungsverlauf: 6 (16. lutego 1983 r.) [?]
Format: Zeitschrift, Zeitung
Sprache: Polnisch
Schlagworte:
Kein Bild verfügbar
X
alg: 45295376
001A    $06050:09-09-19 
001B    $06050:09-09-19 $t09:38:09.000 
001D    $06050:09-09-19 
001U    $0utf8 
001X    $00 
002@    $0Ebvc 
002C    $aText $btxt $2rdacontent 
002D    $aMikroform $bh $2rdamedia 
002E    $aMikrofiche $bhe $2rdacarrier 
003@    $0452953766 
003O    $01117696082 $aOCoLC 
006Z    $02983606-2 
007A    $02983606-2 $aZDB 
010@    $apol 
010E    $erda 
011@    $a1983 $n[1983?] 
013D    $RPresse $RFortlaufendes Sammelwerk $#Periodicals $#Yearbooks $#Périodiques $#Annuaires $#Publicaciones periódicas $#journals $#Periodical $#Periodicals as Topic $#Zeitschrift $#Zeitschrift $#Periodikum $#Zeitschriften $74067488-5 $8Zeitschrift [Tsz] $9085189774 
016E    $aeamu000uuuu 
018@    $0z 
021A    $aRobotnik Lęborka $dpismo Terenowej Komisji Koordynacyjnej w Lęborku 
029A    $BVerfasser $4aut $8Terenowa Komisja Koordynacyjna$gLębork [Tb3] $9452953502 
031@    $a6 (16. lutego 1983 r.) [?] 
031N    $j1983 
033A    $pLębork $n[Verlag nicht ermittelbar] 
044K    $qZDB $RInteressenverband $RArbeiterbewegung $RSyndikalismus $RArbeitnehmerverband $#Labor unions $#Syndicats $#Sindacati $#Funcionarios Sindicatos $#trade unions $#Gewerkschaft $#Gewerkschaft $#Gewerkschaften $74020872-2 $8Gewerkschaft [Ts1] $9085050695 
044K    $qZDB $RPresse $RUntergrundpublizistik $#Underground literature $#Underground newspapers $#Underground press publications $#Presse clandestine $#Presse alternative $#Prensa clandestina $#Illegale Presse $#Untergrundzeitung $74186985-0 $8Untergrundpresse [Ts1] $9085915378 
044K    $qZDB $RLauenburg i. Pom. $RWoiwodschaft Pommern $#Lauenburg Pommern $#Lãbórg $#Lãbórch $75057060-2 $8Lębork [Tg1] $9044716923 
045U    $e320 $e330 

lok: 45295376 24

exp: 45295376 24 1 #EPN
201B/01 $009-09-19 $t09:40:00.000 
201C/01 $009-09-19 
201U/01 $0utf8 
203@/01 $01059745887 
208@/01 $a09-09-19 $bp 
209A/01 $aFKM 50 $f050 $hFKM 50 $x00 
209A/01 $a9 XIII Ga Z 1 $h9 13 Ga Z 1 $x10 
209E/01 $a1983,6 $x02 
209G/01 $aMikrofiche $x01 
220C/01 $aTN//09.09.19//Ho-Sz 
231@/01 $j1983 
247C/01 $8358050-7 Marburg, Bibliothek des Herder-Instituts Marburg $9102600961
LEADER 00000cas a2200000 c 4500
001 452953766
003 DE-603
005 20190909093809.0
007 he amu000uuuu
008 190909c19839999xx z| p|b 0 |1pol c
016 7 |2 DE-600  |a 2983606-2 
035 |a (DE-599)ZDB2983606-2 
035 |a (OCoLC)1117696082 
040 |a DE-603  |b ger  |c DE-603  |d DE-603  |e rda 
041 |a pol 
084 |a 320  |a 330  |q DE-600  |2 sdnb 
110 2 |a Terenowa Komisja Koordynacyjna  |g Lębork  |e Verfasser  |4 aut  |0 (DE-603)452953502  |0 (DE-588)1194316654  |2 gnd 
245 0 0 |a Robotnik Lęborka  |b pismo Terenowej Komisji Koordynacyjnej w Lęborku 
264 3 1 |a Lębork  |b [Verlag nicht ermittelbar]  |c [1983?] 
336 |a Text  |b txt  |2 rdacontent 
337 |a Mikroform  |b h  |2 rdamedia 
338 |a Mikrofiche  |b he  |2 rdacarrier 
362 0 |a 6 (16. lutego 1983 r.) [?] 
363 0 0 |8 1.1\x  |i 1983 
650 7 |a Gewerkschaft  |0 (DE-588)4020872-2  |0 (DE-603)085050695  |2 gnd 
650 7 |a Untergrundpresse  |0 (DE-588)4186985-0  |0 (DE-603)085915378  |2 gnd 
651 7 |a Lębork  |0 (DE-588)5057060-2  |0 (DE-603)044716923  |2 gnd 
655 7 |a Zeitschrift  |2 gnd-content  |0 (DE-588)4067488-5  |0 (DE-603)085189774 
924 0 |9 Mb 50  |a (DE-603)1059745887  |b DE-Mb50  |c HES  |d c  |g FKM 50  |h Mikrofiche  |i 9 XIII Ga Z 1  |q 1983  |z 1983,6